讀心之書

資料類型: Book 圖書   書目號:35179

Leader xxxxxxxxxx
001 __ PCLIS00035179
005 __ 20220611162638.0
010 0_ |a957-522-493-0|b平裝|dNT$250
100 __ |a20040826d2004    m  y0chiy09      e
101 0_ |achi
102 __ |atw
105 __ |ay   z   000cy
200 1_ |a讀心之書|f平路著
205 __ |a初版
210 __ |a臺北市|c聯合文學|d2004[民93]
215 0_ |a225面|d21公分
225 1_ |a聯合文叢|v303
225 1_ |a聯合文學|v339
260 1_ |a2004
300 __ |a作者本名路平
681 __ |a855|b855
681 __ |a855.|b8550 93
700 _0 |a平路|f1953- |4801 _0 |atw|b輔仁大學|c20041028|gCCR
801 _1 |atw|b內湖高中|c20050216|gCCR
801 _2 |atw|b內湖高中|c20220611|gCCR
詳細館藏(共 1 筆)
索 書 號登 錄 號冊次號館別 / 館藏地流通類型狀態加入預約清單電子資源
855 / 855 1014852  圖書館 / 一樓普通區 可外借30天 在館   

| 條列資料




目錄查詢 分類查詢 個人資料 圖書薦購 新書查詢 閉館日 排行榜 更多電子資源 Hami書城 線上資料庫 登出

From : 216.73.216.116

  本日流通累計至 18:02:01 借閱 : 9 次 續借 : 0 次 歸還 : 10 次 預約 : 0 次 電子資源 : 0 次


內湖高中圖書館  PCLIS 版本  25.5.0.2